Normal view
MARC view
Entry Personal Name
001 - CONTROL NUMBER
- control field: 45348
003 - CONTROL NUMBER IDENTIFIER
- control field: ARRUPE
005 - DATE AND TIME OF LATEST TRANSACTION
- control field: 20190326150101.0
008 - FIXED-LENGTH DATA ELEMENTS
- fixed length control field: 190326|| aca||aabn | a|a d
040 ## - CATALOGING SOURCE
- Original cataloging agency: ARRUPE
- Transcribing agency: ARRUPE
100 ## - HEADING--PERSONAL NAME
- Personal name: Pine, Fred
670 ## - SOURCE DATA FOUND
- Source citation: Work cat.: (ARRUPE): Pine, Fred , Drive, ego, oject, and self, c1990